Návrh metodiky riadenia kariéry zamestnancov v stredných a veľkých podnikoch

Gespeichert in:
Bibliographische Detailangaben
1. Verfasser: Školárová, Zuzana, 1978- (Verfasst von)
Weitere Verfasser: Holková, Andrea (Betreuung Doktorarbeit)
Format: Manuskript Buch
Sprache:Slowakisch
Veröffentlicht: Trnava : STU v Bratislave MTF, 2010
Schlagworte:
Online-Zugang:VAIS
Tags: Tag hinzufügen
Keine Tags, Fügen Sie das erste Tag hinzu!

MARC

LEADER 00000ntm a22000003a 4500
001 stu232147
005 20150617230146.4
008 110723s2010----xo------------------slo-d
040 |a STU  |b slo 
041 0 |a slo 
044 |a xo 
100 1 |a Školárová, Zuzana,  |d 1978-  |4 aut  |u M4000  |U MTF Materiálovotechnologická fakulta  |T MTF Ústav priemyselného inžinierstva a manažmentu  |X 19206  |U M4000  |Y 84  |7 A000019206 
242 0 0 |a Draf of the methodology of employee´s career management in middle and big companies  |y eng 
245 1 |a Návrh metodiky riadenia kariéry zamestnancov v stredných a veľkých podnikoch 
260 |a Trnava :  |b STU v Bratislave MTF,  |c 2010 
650 7 |a priemyselné manažérstvo  |2 stusub 
650 7 |a Industrial Management  |2 estusub 
700 1 |a Holková, Andrea  |4 ths  |u M4000  |U MTF Materiálovotechnologická fakulta  |T MTF Ústav priemyselného inžinierstva a manažmentu  |U M4000  |Y 84 
856 4 |a info a plný text  |u http://is.stuba.sk/zp/portal_zp.pl?podrobnosti=54291  |3 VAIS